000 00734nam a2200217Ia 4500
003 GCL
008 140319s9999 xx 000 0 ara d
040 _aGCL /
_cGCL
082 0 4 _a816
_bم ر
100 1 _aابوالعلاء المعرى
245 1 0 _a"رسالة الغفران , ط9 : ومعها نص محقق من "" رسالة ابن القارح""" /
_cابوالعلاء المعرى
700 1 _aعائشة عبدالرحمن
260 _a[S.N] :
_bدار المعارف ،
_c1993
300 _a663 ص
490 _aذخائر العرب
_v0
650 0 4 _aالشعر العربى
650 0 4 _aالادب العربى
650 0 4 _aالرسائل العربية
650 0 4 _aالمجموعات
942 _2ddc
_cBK
999 _c56144
_d56144